| 000 | 00865cam a2200277 a 4500 | ||
|---|---|---|---|
| 001 | 000004011 | ||
| 003 | DO-SdBNP | ||
| 005 | 20220927103650.0 | ||
| 007 | ta | ||
| 008 | 751021s1995 sp 000 f spa | ||
| 020 | _a8478881557 | ||
| 040 |
_aDO-SdBNP _bspa _cBNPHU |
||
| 082 | 4 |
_a813.54 _bS544u _222 |
|
| 100 | 1 |
_aSheldon, Sidney _912003 |
|
| 245 | 1 | 0 |
_aUn extraño en el espejo / _cSidney Sheldon ; traductor, Elisa López Bullrich y María José Sobejano. |
| 260 |
_aBarcelona : _bEmecé, _c1995. |
||
| 300 |
_a347 p. ; _c18 cm. |
||
| 534 |
_pTítulo original: _tA stranger in the mirror |
||
| 590 | _aInventariado, 2022 / DG | ||
| 650 | 4 |
_aNovela estadounidense _9262 |
|
| 650 | 4 |
_aLiteratura estadounidense _9263 |
|
| 700 | 1 |
_aLópez Bullrich, Elisa, _etr. _912004 |
|
| 700 | 1 |
_aSobejano, María José, _etr. _912005 |
|
| 910 | _aDG | ||
| 942 |
_2ddc _cLBS1 |
||
| 999 |
_c3830 _d3830 |
||